Rozpoznaj znane Agnieszki - Statystyki

Ogólne statystyki
  • Ten quiz został rozwiązany 117 razy
  • Średni wynik to 6 z 10
Statystyki odpowiedzi
Obrazkowy Odpowiedź % Poprawnych
Agnieszka Chylińska
96%
Agnieszka Radwańśka
87%
Agnieszka Dygant
75%
Agnieszka Holland
61%
Agnieszka Kaczorowska
56%
Agnieszka Woźniak-Starak
50%
Agnieszka Włodarczyk
47%
Agnieszka Więdłocha
33%
Agnieszka Osiecka
32%
Agnieszka Grochowska
27%
Nie znaleziono quizów pasujących do podanych kryteriów
Rozkład punktacji
Procent ludzi z każdym wynikiem
Percentyl według liczby udzielonych odpowiedzi
Twoja historia wyników
Nie rozwiązałeś tego quizu